书目信息 |
| 题名: |
李肇星在线谈外交
|
|
| 作者: | 时新 编 | |
| 分册: | ||
| 出版信息: | 北京 世界知识出版社 2004.05 |
|
| 页数: | 92页, [4] 页图版 | |
| 开本: | 23cm | |
| 丛书名: | ||
| 单 册: | ||
| 中图分类: | D82-53 | |
| 科图分类: | ||
| 主题词: | 外交--wai jiao--中国--文集 | |
| 电子资源: | ||
| ISBN: | 7-5012-2230-4 | |
| 000 | 00616nam0 2200205 45 | |
| 001 | 012006144056 | |
| 005 | 20060119164325.73 | |
| 010 | @a7-5012-2230-4@dCNY12.00 | |
| 100 | @a20060119d2004 km y0chiy0120 ea | |
| 101 | 0 | @achi |
| 102 | @aCN@b110000 | |
| 105 | @aaf z 000yy | |
| 200 | 1 | @a李肇星在线谈外交@ALi Zhao Xing Zai Xian Tan Wai Jiao@f时新编@FShi Xin Bian |
| 210 | @a北京@c世界知识出版社@d2004.05 | |
| 215 | @a92页, [4] 页图版@c图 (部分彩图)@d23cm | |
| 606 | 0 | @a外交@Awai jiao@x中国@x文集 |
| 690 | @aD82-53@v4 | |
| 701 | 0 | @a时新@Ashi xin@4编 |
| 801 | 0 | @aCN@bQSSK@c20060119 |
| 905 | @a10447@dD82-53@eS562 | |
| 李肇星在线谈外交/时新编.-北京:世界知识出版社,2004.05 |
| 92页, [4] 页图版:图 (部分彩图);23cm |
| ISBN 7-5012-2230-4:CNY12.00 |
| ● |
| 相关链接 |
|
|
|
正题名:李肇星在线谈外交
索取号:D82-53/S562
 
预约/预借
| 序号 | 登录号 | 条形码 | 馆藏地/架位号 | 状态 | 备注 |
| 1 | 579002 | 205790027 | 社科库509/509社科库 79排1列6层/ [索取号:D82-53/S562] | 在馆 | |
| 2 | 579003 | 205790036 | 社科库509/509社科库 79排1列6层/ [索取号:D82-53/S562] | 在馆 | |
| 3 | 579004 | 205790045 | 社科库509/509社科库 79排1列6层/ [索取号:D82-53/S562] | 在馆 |